01697nam a2200469 i 4500001000700000003000800007005001700015006001900032007001500051008004100066020001800107020002700125035002300152035002400175035002500199035002200224040003100246050002100277080000900298082001500307100002200322245015800344264007800502300005300580336003100633337003300664338004300697490001000740500002300750504002900773588012600802650002300928650002500951650002700976650002901003650002601032650002801058655002701086700004101113830001101154856006201165116113FlNmELB20241217174749.0m o d | cr cnu||||||||170810s2017 sp ob 001 0 spa d z9788436271713 a9788436271744 (e-book) a(MiAaPQ)EBC4850292 a(Au-PeEL)EBL4850292 a(CaPaEBR)ebr11379822 a(OCoLC)1105860447 aFINmELBbspaerdacFINmELB 4aCC135bC617 2017 a7.020 a363.692231 aClaver Gil, Juan.13aEl proceso analítico jerárquico :baplicación al estudio del patrimonio industrial inmueble /cJuan Claver Gil, Miguel Ángel Sebastián Pérez. 1aMadrid :bUNED - Universidad Nacional de Educación a Distancia,c[2017] a1 recurso en línea (137 páginas sin numerar) atextobtxt2rdacontent/spa acomputadorabc2rdamedia/spa arecurso en líneabcr2rdacarrier/spa1 aGrado aContiene índice. aContiene bibliografía. aDescripción basada en recurso en línea; Título de la página del título en PDF (e-libro, visto August 10, 2017). 0aCultural property. 4aPatrimonio cultural. 0aMultivariate analysis. 4aAnálisis multivariado. 0aIndustrial buildings. 4aEdificios industriales. 4aLibros electrónicos.1 aSebastián Pérez, Miguel Ángel. 0aGrado.40uhttps://elibro.net/ereader/politecnicointernacional/48886